Statistiques concernant Villes françaises traversées par des routes EuroVelo

Cliquez ici pour prendre le quiz!

Statistiques générales

  • Ce quiz a été pris 244 fois
  • Le résultat moyen est 49 sur 88

Réponses sur la Carte

Les réponses sont colorées sur une échelle allant du rouge au vert en fonction du pourcentage des utilisateurs qui les ont devinées à leur premier essai. Vous pouvez retrouver ces pourcentages ci-dessous.
 

Statistiques - réponses

RouteVille% Correct
Route des PèlerinsBordeaux
92%
Via Romea (Francigena)Lille
92%
Route des PèlerinsParis
92%
Atlantique - Mer NoireNantes
91%
Route de la côte AtlantiqueNantes
91%
Route de la MéditerranéeNice
91%
Via Romea (Francigena)Strasbourg
90%
Route du RhinStrasbourg
90%
Route de la côte AtlantiqueBayonne
89%
Route du RhôneLyon
89%
Route de l'Europe CentraleLe Havre
87%
Route de la Mer du NordDunkerque
86%
Route de l'Europe CentraleDunkerque
86%
Route de la côte AtlantiqueLa Rochelle
86%
Via Romea (Francigena)Calais
85%
Route de la Mer du NordCalais
85%
Route de l'Europe CentraleCalais
85%
Route de la MéditerranéeCanet-en-Roussillon
83%
Route des PèlerinsOrléans
82%
Atlantique - Mer NoireOrléans
82%
Atlantique - Mer NoireAngers
81%
Route de l'Europe CentraleCherbourg
80%
Atlantique - Mer NoireTours
80%
Route des PèlerinsTours
80%
Route du RhôneValence
80%
Route de l'Europe CentraleSaint-Malo
79%
Via Romea (Francigena)Colmar
74%
Route du RhôneAvignon
73%
Atlantique - Mer NoireMulhouse
73%
Via Romea (Francigena)Mulhouse
73%
Route de la MéditerranéeCannes
71%
Route de la MéditerranéeNarbonne
67%
Route de l'Europe CentraleSaint-Brieuc
66%
Route de l'Europe CentraleSaint-Lô
66%
Route de la MéditerranéeBéziers
64%
Atlantique - Mer NoireBesançon
61%
Atlantique - Mer NoireBlois
60%
Route des PèlerinsBlois
60%
Route de l'Europe CentraleBoulogne-sur-Mer
60%
La Meuse à VéloCharleville-Mézières
57%
Via Romea (Francigena)Lens
57%
Route de la côte AtlantiqueLes Sables-d'Olonne
57%
Route du RhôneArles
56%
Route du RhôneSète
56%
Route de la MéditerranéeSète
56%
Route des PèlerinsAngoulême
55%
Route de l'Europe CentraleDieppe
53%
Route des PèlerinsMont-de-Marsan
53%
Route du RhôneThonon-les-Bains
53%
Route des PèlerinsDax
51%
Route du RhôneMontélimar
51%
Atlantique - Mer NoireNevers
49%
Atlantique - Mer NoireChalon-sur-Saône
48%
Route de la côte AtlantiqueHendaye
47%
Route de l'Europe CentraleLannion
46%
Route de la côte AtlantiqueRochefort
46%
Route de la côte AtlantiqueRoyan
45%
La Meuse à VéloSedan
44%
Atlantique - Mer NoireSaumur
42%
Route de la côte AtlantiqueMorlaix
41%
Route de l'Europe CentraleMorlaix
41%
La Meuse à VéloVerdun
41%
Route de la côte AtlantiquePontivy
39%
Route du RhôneVienne
39%
Atlantique - Mer NoireMontbéliard
38%
Route de l'Europe CentraleMont-Saint-Michel
38%
Route des PèlerinsCompiègne
37%
Route des PèlerinsMelun
36%
Route de la MéditerranéeDraguignan
34%
Atlantique - Mer NoireDole
32%
Route de la côte AtlantiqueRedon
31%
Route des PèlerinsMaubeuge
28%
Route des PèlerinsMontargis
28%
Via Romea (Francigena)Sarreguemines
26%
Route du RhôneAigues-Mortes
24%
Route de la MéditerranéeAigues-Mortes
24%
La Meuse à VéloLangres
24%
Atlantique - Mer NoireAncenis
22%
Route du RhinSaint-Louis
22%
Atlantique - Mer NoireSaint-Louis
22%
Via Romea (Francigena)Saint-Louis
22%
Route de l'Europe CentraleVire
22%
Route de l'Europe CentraleOuistreham
21%
Route de la MéditerranéeCavaillon
20%
Route de la MéditerranéeManosque
18%
La Meuse à VéloCommercy
15%
Atlantique - Mer NoireMontceau-les-Mines
14%
La Meuse à VéloNeufchâteau
12%

Distribution des résultats

Percentile par nombre de réponses

% des personnes avec chaque résultat

Votre développement - résultats

Vous n’avez pas pris ce quiz